[Event "Dhaka Walton op"]
[Site "Dhaka"]
[Date "2023.04.11"]
[Round "9"]
[White "Masum, Hossain"]
[Black "Islam, Khandaker Aminul"]
[Result "0-1"]
[WhiteElo "1958"]
[BlackElo "2136"]
[PlyCount "54"]
[EventDate "2023.04.03"]
[EventType "swiss"]
[EventRounds "9"]
[EventCountry "BAN"]
[SourceTitle "EXT 2024"]
[Source "ChessBase"]
[SourceDate "2023.10.10"]
[SourceVersion "1"]
[SourceVersionDate "2023.10.10"]
[SourceQuality "1"]

1. d4 d5 2. c4 dxc4 3. Nf3 Nf6 4. Nc3 e6 5. e3 c5 6. Bxc4 a6 7. Bb3 Be7 8. 0-0 Nc6 9. Qe2 cxd4 10. Rd1 0-0 11. exd4 Na5 12. Bc2 b5 13. Bg5 Bb7 14. d5 exd5 15. Nd4 g6 16. Qf3 Re8 17. h4 Rc8 18. a3 Nc4 19. Rab1 Ne4 20. Bxe7 Qxe7 21. h5 Ncd2 22. Qd3 Nxb1 23. Bxb1 Nxc3 24. bxc3 Qxa3 25. hxg6 hxg6 26. Qg3 Qxc3 27. f3 Qe3+ 0-1

[Event "Dhaka Marcel op"]
[Site "Dhaka"]
[Date "2022.04.27"]
[Round "9"]
[White "Shawket Bin, Osman Shaon"]
[Black "Masum, Hossain"]
[Result "1/2-1/2"]
[WhiteElo "2065"]
[BlackElo "2047"]
[PlyCount "32"]
[EventDate "2022.04.19"]
[EventType "swiss"]
[EventRounds "9"]
[EventCountry "BAN"]
[SourceTitle "EXT 2023"]
[Source "ChessBase"]
[SourceDate "2022.10.05"]
[SourceVersion "1"]
[SourceVersionDate "2022.10.05"]
[SourceQuality "1"]

1. d4 Nf6 2. c4 e6 3. Nc3 Bb4 4. f3 d5 5. a3 Bxc3+ 6. bxc3 c5 7. e3 Nc6 8. Bd3 Qa5 9. Bd2 dxc4 10. Bxc4 0-0 11. Ne2 Rd8 12. 0-0 Qc7 13. Re1 b6 14. Bd3 Qe7 15. Qa4 Bb7 16. e4 cxd4 1/2-1/2

[Event "Dhaka Marcel op"]
[Site "Dhaka"]
[Date "2022.04.21"]
[Round "3"]
[White "Islam, Khandaker Aminul"]
[Black "Masum, Hossain"]
[Result "1-0"]
[WhiteElo "2176"]
[BlackElo "2047"]
[PlyCount "64"]
[EventDate "2022.04.19"]
[EventType "swiss"]
[EventRounds "9"]
[EventCountry "BAN"]
[SourceTitle "EXT 2023"]
[Source "ChessBase"]
[SourceDate "2022.10.05"]
[SourceVersion "1"]
[SourceVersionDate "2022.10.05"]
[SourceQuality "1"]

1. d4 d5 2. Bf4 c5 3. e3 Nc6 4. c3 Qb6 5. Qb3 c4 6. Qc2 Bf5 7. Qxf5 Qxb2 8. Qxd5 Qxa1 9. Qb5 0-0-0 10. Qf5+ e6 11. Qc2 b5 12. Nf3 Ba3 13. Bxc4 bxc4 14. 0-0 Qb2 15. Qa4 Nge7 16. Nxa3 Qxa2 17. Ng5 Rd5 18. Qa6+ Kd7 19. Nxf7 Rd8 20. Nxd8 Kxd8 21. Bc7+ Kd7 22. e4 Rg5 23. Bf4 Ra5 24. Qb7+ Ke8 25. Nb5 Qb3 26. Nd6+ Kf8 27. Qd7 g5 28. Qe8+ Kg7 29. Qf7+ Kh6 30. Qf6+ Kh5 31. Qf7+ Kh6 32. Qxe6+ Ng6 1-0

[Event "Dhaka Walton op"]
[Site "Dhaka"]
[Date "2022.04.08"]
[Round "5"]
[White "Nasiruddin, Apu"]
[Black "Masum, Hossain"]
[Result "1-0"]
[WhiteElo "1838"]
[BlackElo "2047"]
[PlyCount "97"]
[EventDate "2022.04.04"]
[EventType "swiss"]
[EventRounds "9"]
[EventCountry "BAN"]
[SourceTitle "CBM 207 Extra"]
[Source "ChessBase"]
[SourceDate "2022.05.31"]
[SourceVersion "1"]
[SourceVersionDate "2022.05.31"]
[SourceQuality "1"]

1. e4 c5 2. Nf3 e6 3. d4 cxd4 4. Nxd4 a6 5. c4 Nf6 6. Nc3 Bb4 7. Bd3 d6 8. 0-0 0-0 9. Nce2 e5 10. Nc2 Bc5 11. b4 Ba7 12. h3 b5 13. Ng3 bxc4 14. Bxc4 Bb7 15. Bg5 h6 16. Bd5 Bxd5 17. Bxf6 Qxf6 18. Qxd5 Nd7 19. Nf5 Rfd8 20. Nce3 Nb6 21. Qd3 Bb8 22. a4 a5 23. Qb5 Nd7 24. Qc6 Ra7 25. b5 Nc5 26. b6 Rad7 27. Ra3 h5 28. Nd5 Qe6 29. Rg3 g6 30. f3 Kh7 31. Nfe3 Kh6 32. Nc4 f5 33. h4 Rf7 34. exf5 Rxf5 35. Nce3 Rf4 36. Rc1 Rc8 37. Nc7 Bxc7 38. Rxc5 Bxb6 39. Qxc8 Qxc8 40. Rxc8 Bxe3+ 41. Kf1 Rxh4 42. Ke2 Bc5 43. Rg8 Rxa4 44. R3xg6+ Kh7 45. g4 Ra2+ 46. Kd3 Ra3+ 47. Ke4 Re3+ 48. Kd5 Rxf3 49. R6g7+ 1-0

[Event "Dhaka Al Mahmud Memorial"]
[Site "Dhaka"]
[Date "2022.02.12"]
[Round "8"]
[White "Masum, Hossain"]
[Black "Md Abzid, Rahman"]
[Result "1/2-1/2"]
[WhiteElo "2003"]
[BlackElo "2106"]
[PlyCount "97"]
[EventDate "2022.02.05"]
[EventType "swiss"]
[EventRounds "9"]
[EventCountry "BAN"]
[SourceTitle "CBM 206 Extra"]
[Source "ChessBase"]
[SourceDate "2022.03.31"]
[SourceVersion "1"]
[SourceVersionDate "2022.03.31"]
[SourceQuality "1"]

1. d4 d5 2. c4 c6 3. Nf3 Nf6 4. Nc3 g6 5. Bf4 Bg7 6. e3 0-0 7. h3 Bf5 8. c5 Nbd7 9. Bd3 Ne4 10. Qc2 Qa5 11. 0-0 e5 12. Nxe5 Nxe5 13. Bxe5 Bxe5 14. dxe5 Qxc5 15. Nxe4 Qxc2 16. Nf6+ Kg7 17. Bxc2 Bxc2 18. Rac1 Bf5 19. g4 Bd3 20. Rfd1 Ba6 21. f4 h5 22. gxh5 Be2 23. Rd2 Bxh5 24. Kf2 Rh8 25. Rg1 Kf8 26. Rg5 Rd8 27. e4 d4 28. Rg3 Ke7 29. Ra3 Ke6 30. Rxa7 g5 31. fxg5 Kxe5 32. Rxb7 Bg6 33. Kg3 d3 34. Re7+ Kd4 35. h4 Ke3 36. Rh2 d2 37. Ng4+ Kd3 38. Ne5+ Kc2 39. Nf3 Rd3 40. Rc7 Rhd8 41. Rxc6+ Kxb2 42. Rxd2+ Rxd2 43. Nxd2 Rxd2 44. e5 Rd3+ 45. Kf2 Rd2+ 46. Ke3 Rd3+ 47. Kf2 Rd2+ 48. Kg3 Rd3+ 49. Kf2 1/2-1/2

[Event "Dhaka Al Mahmud Memorial"]
[Site "Dhaka"]
[Date "2022.02.09"]
[Round "5"]
[White "Md, Sharif Hossain"]
[Black "Masum, Hossain"]
[Result "1-0"]
[WhiteElo "2211"]
[BlackElo "2003"]
[PlyCount "55"]
[EventDate "2022.02.05"]
[EventType "swiss"]
[EventRounds "9"]
[EventCountry "BAN"]
[SourceTitle "CBM 206 Extra"]
[Source "ChessBase"]
[SourceDate "2022.03.31"]
[SourceVersion "1"]
[SourceVersionDate "2022.03.31"]
[SourceQuality "1"]

1. e4 c5 2. Nf3 d6 3. d4 cxd4 4. Nxd4 Nf6 5. Nc3 e6 6. Bd3 Nc6 7. Be3 a6 8. 0-0 Be7 9. f4 e5 10. Nxc6 bxc6 11. fxe5 dxe5 12. Qf3 Rb8 13. Na4 Qa5 14. b3 0-0 15. h3 Be6 16. Qf2 Nd7 17. Kh1 f6 18. Qe2 Rb5 19. Bc4 Bf7 20. Rad1 Qc7 21. Bxb5 cxb5 22. Nc3 Rc8 23. Nd5 Bxd5 24. Rxd5 Nf8 25. Qg4 h5 26. Qxh5 Qxc2 27. Qg4 Rc3 28. Rd2 1-0

[Event "BAN-chB 46th"]
[Site "Dhaka"]
[Date "2021.12.21"]
[Round "7"]
[White "Sakline Mostafa, Sajid"]
[Black "Masum, Hossain"]
[Result "1-0"]
[WhiteElo "1962"]
[BlackElo "2071"]
[PlyCount "127"]
[EventDate "2021.12.15"]
[EventType "swiss"]
[EventRounds "9"]
[EventCountry "BAN"]
[SourceTitle "CBM 206 Extra"]
[Source "ChessBase"]
[SourceDate "2022.03.31"]
[SourceVersion "1"]
[SourceVersionDate "2022.03.31"]
[SourceQuality "1"]

1. d4 Nf6 2. c4 e6 3. g3 c5 4. d5 exd5 5. cxd5 d6 6. Nc3 g6 7. Bg2 Bg7 8. Nf3 0-0 9. 0-0 Re8 10. Bf4 Ne4 11. Nxe4 Rxe4 12. Nd2 Rxf4 13. gxf4 Bxb2 14. Rb1 Bg7 15. Nc4 Bh6 16. e3 b6 17. Re1 Na6 18. Qf3 Nc7 19. e4 b5 20. Ne3 Qh4 21. f5 Bf4 22. Bh3 Be5 23. Ng4 f6 24. Nxe5 fxe5 25. Kh1 Qf4 26. Qxf4 exf4 27. e5 dxe5 28. Rxe5 Bb7 29. fxg6 hxg6 30. Bg2 f3 31. Bxf3 Kf7 32. Bg2 Rd8 33. d6 Bxg2+ 34. Kxg2 Ne6 35. Rxb5 Rxd6 36. Ra5 Kf6 37. Re3 a6 38. Kg3 Rc6 39. Ra4 Nd4 40. Kg4 Nb5 41. Rf4+ Kg7 42. a4 Nc7 43. Rc4 Ne6 44. f4 Kf6 45. Rd3 Rb6 46. a5 Rb1 47. Rd6 Rg1+ 48. Kf3 Kf5 49. Rxa6 Ra1 50. Rxe6 Kxe6 51. Rxc5 Kf6 52. Rb5 Rf1+ 53. Ke4 Re1+ 54. Kd5 Kf5 55. Kc6+ Kxf4 56. a6 Re6+ 57. Kb7 Re7+ 58. Kb8 Re8+ 59. Kb7 Re7+ 60. Kb6 Re6+ 61. Ka5 Re2 62. Rb4+ Kf3 63. a7 Re5+ 64. Ka4 1-0

[Event "BAN Games 9th"]
[Site "Dhaka"]
[Date "2021.04.07"]
[Round "4.2"]
[White "Masum, Hossain"]
[Black "Rahman, Syed Mahfuzur"]
[Result "0-1"]
[WhiteElo "2061"]
[BlackElo "2206"]
[PlyCount "78"]
[EventDate "2021.04.04"]
[EventType "team-swiss"]
[EventRounds "5"]
[EventCountry "BAN"]
[SourceTitle "CBM 202 Extra"]
[Source "ChessBase"]
[SourceDate "2021.07.31"]
[SourceVersion "1"]
[SourceVersionDate "2021.07.31"]
[SourceQuality "1"]
[WhiteTeam "Titas CC"]
[BlackTeam "Bangladesh Biman"]
[WhiteTeamCountry "BAN"]
[BlackTeamCountry "BAN"]

1. d4 d5 2. c4 c6 3. Nf3 e6 4. Nc3 Nf6 5. Bg5 Be7 6. e3 a6 7. a4 0-0 8. Bd3 Nbd7 9. 0-0 dxc4 10. Bxc4 c5 11. Qe2 h6 12. Bh4 cxd4 13. exd4 Nb6 14. Ba2 Bd7 15. Ne5 Bc6 16. Rad1 Nbd5 17. f4 Nxc3 18. bxc3 Bxa4 19. Rde1 Bb5 20. Qc2 Bxf1 21. Bb1 Re8 22. Rxf1 Rc8 23. g4 Qd5 24. g5 Ne4 25. Qxe4 Qxe4 26. Bxe4 Rxc3 27. gxh6 gxh6 28. Be1 Rb3 29. Bc2 Rb2 30. Rf2 Bb4 31. Rg2+ Kf8 32. Bh4 Rc8 33. Nd7+ Ke8 34. Nf6+ Ke7 35. Nd5+ Kd6 36. Ne3 Rc3 37. Bf6 Rxe3 38. Be5+ Ke7 39. d5 Re1+ 0-1

[Event "BAN Games Blitz 9th"]
[Site "Dhaka"]
[Date "2021.04.03"]
[Round "8.8"]
[White "Masum, Hossain"]
[Black "Mehdi, Hasan Parag"]
[Result "1-0"]
[WhiteElo "2061"]
[BlackElo "2192"]
[PlyCount "114"]
[EventDate "2021.04.03"]
[EventType "swiss (blitz)"]
[EventRounds "9"]
[EventCountry "BAN"]
[SourceTitle "CBM 201 Extra"]
[Source "ChessBase"]
[SourceDate "2021.05.31"]
[SourceVersion "1"]
[SourceVersionDate "2021.05.31"]
[SourceQuality "1"]

1. d4 Nf6 2. c4 e6 3. Nc3 Bb4 4. Qb3 c5 5. Nf3 0-0 6. Bg5 Na6 7. e3 cxd4 8. exd4 d5 9. cxd5 Qxd5 10. Bxf6 Qxb3 11. axb3 gxf6 12. Bxa6 bxa6 13. 0-0 Bb7 14. d5 Bxc3 15. bxc3 Bxd5 16. Nd4 Bb7 17. c4 Rfd8 18. Rfd1 Rd7 19. Rd2 Rad8 20. Rad1 e5 21. Nf3 Rxd2 22. Rxd2 Rxd2 23. Nxd2 a5 24. f3 Kf8 25. Kf2 Ke7 26. Ke3 Kd6 27. Kd3 Kc5 28. Kc3 f5 29. g3 f6 30. f4 h5 31. Nf1 Be4 32. Ne3 a6 33. Nd1 Bc6 34. Ne3 Be4 35. Nd1 Kc6 36. Nb2 Kd6 37. Na4 Bc6 38. Nb2 Be4 39. Na4 h4 40. Nb2 hxg3 41. hxg3 Bc6 42. Nd1 Ke6 43. Ne3 Be4 44. Nd1 Kd6 45. Ne3 Kc6 46. Nd1 Kb6 47. Ne3 Kc5 48. Nd1 Bc6 49. Ne3 exf4 50. gxf4 Be4 51. Nd1 Kc6 52. Ne3 Kb6 53. Nd1 Kc6 54. Ne3 Kc5 55. Nd1 Bc6 56. Ne3 Be4 57. Nd1 Bc6 1-0

[Event "BAN Games Blitz 9th"]
[Site "Dhaka"]
[Date "2021.04.03"]
[Round "3.7"]
[White "Masum, Hossain"]
[Black "Mollah Abdullah, Al Rakib"]
[Result "0-1"]
[WhiteElo "2061"]
[BlackElo "2464"]
[PlyCount "94"]
[EventDate "2021.04.03"]
[EventType "swiss (blitz)"]
[EventRounds "9"]
[EventCountry "BAN"]
[SourceTitle "CBM 201 Extra"]
[Source "ChessBase"]
[SourceDate "2021.05.31"]
[SourceVersion "1"]
[SourceVersionDate "2021.05.31"]
[SourceQuality "1"]

1. d4 g6 2. c4 Bg7 3. Nc3 e6 4. e4 Ne7 5. f4 d5 6. cxd5 exd5 7. e5 Nbc6 8. Be3 Nf5 9. Bf2 h5 10. Nf3 0-0 11. Bd3 Nce7 12. b4 c6 13. 0-0 Nh6 14. h3 Bf5 15. a4 Qd7 16. Kh2 Nc8 17. a5 Rb8 18. b5 Ne7 19. b6 axb6 20. axb6 Ra8 21. Na4 Qd8 22. Bxf5 Nhxf5 23. Qb3 Ra6 24. Rab1 Nc8 25. Rfc1 Bh6 26. g3 h4 27. Kg2 hxg3 28. Bxg3 Nxg3 29. Kxg3 Ne7 30. Nc5 Nf5+ 31. Kg4 Ra8 32. h4 Qc8 33. e6 fxe6 34. Ne5 Kh7 35. Qd3 Ne7 36. Rf1 Rf5 37. Rb2 Ng8 38. Rg2 Nf6+ 39. Kg3 Bxf4+ 40. Rxf4 Nh5+ 41. Kh2 Nxf4 42. Qg3 Rxe5 43. dxe5 Nxg2 44. Kxg2 Ra2+ 45. Kh3 Qf8 46. Nxe6 Qf5+ 47. Qg4 Ra3+ 0-1

[Event "BAN-chT Premier"]
[Site "Dhaka"]
[Date "2021.03.19"]
[Round "1.5"]
[White "Rahman, Md Taibur"]
[Black "Masum, Hossain"]
[Result "0-1"]
[WhiteElo "2215"]
[BlackElo "2054"]
[PlyCount "70"]
[EventDate "2021.03.19"]
[EventType "team-tourn"]
[EventRounds "11"]
[EventCountry "BAN"]
[SourceTitle "CBM 201 Extra"]
[Source "ChessBase"]
[SourceDate "2021.05.31"]
[SourceVersion "1"]
[SourceVersionDate "2021.05.31"]
[SourceQuality "1"]
[WhiteTeam "Bangladesh Biman"]
[BlackTeam "Titas CC"]
[WhiteTeamCountry "BAN"]
[BlackTeamCountry "BAN"]

1. d4 d5 2. c4 dxc4 3. Nf3 Nf6 4. e3 e6 5. Bxc4 a6 6. 0-0 b5 7. Bd3 c5 8. Qe2 c4 9. Bc2 Nc6 10. a4 Bb7 11. Nc3 b4 12. Ne4 Na5 13. Nxf6+ gxf6 14. e4 Qc7 15. Rd1 0-0-0 16. Be3 b3 17. Bb1 Bb4 18. Rc1 Kb8 19. Bd2 Bxd2 20. Qxd2 Rhg8 21. Qe3 Rg4 22. h3 Rg7 23. Bd3 Rdg8 24. Bf1 f5 25. Nd2 fxe4 26. Nxe4 f5 27. Nc5 Qc6 28. f3 Qxf3 29. Qxf3 Bxf3 30. Nxe6 Rxg2+ 31. Bxg2 Rxg2+ 32. Kf1 Rxb2 33. Nf4 Rd2 34. Rc3 b2 35. Re1 Rd1 0-1

[Event "Dhaka Bangabandhu op-A"]
[Site "Dhaka"]
[Date "2021.03.12"]
[Round "4"]
[White "Masum, Hossain"]
[Black "Md Jamal, Uddin"]
[Result "1-0"]
[WhiteElo "2054"]
[BlackElo "2058"]
[PlyCount "105"]
[EventDate "2021.03.09"]
[EventType "swiss"]
[EventRounds "9"]
[EventCountry "BAN"]
[SourceTitle "CBM 201 Extra"]
[Source "ChessBase"]
[SourceDate "2021.05.31"]
[SourceVersion "1"]
[SourceVersionDate "2021.05.31"]
[SourceQuality "1"]

1. d4 Nf6 2. c4 e6 3. g3 c5 4. d5 exd5 5. cxd5 g6 6. Bg2 d6 7. Nc3 Bg7 8. e4 0-0 9. Nge2 Re8 10. a4 Na6 11. 0-0 Nb4 12. h3 b6 13. Bg5 h6 14. Bf4 Ba6 15. Re1 Nd3 16. Qd2 Nxe1 17. Rxe1 Kh7 18. g4 Qd7 19. Bg3 Rad8 20. f4 Bb7 21. Bf3 Ng8 22. Kg2 a6 23. h4 b5 24. Qc2 b4 25. Nd1 Kh8 26. Ne3 Qe7 27. f5 Qf6 28. Nc4 g5 29. Rh1 Qe7 30. hxg5 Be5 31. f6 Qf8 32. Bxe5 dxe5 33. Ng3 Bc8 34. b3 Kh7 35. Qb2 Kg6 36. Nxe5+ Rxe5 37. Qxe5 Re8 38. Qf4 hxg5 39. Qe3 Re5 40. Nf5 Kxf6 41. Rh8 Bxf5 42. gxf5 Kg7 43. Rh5 f6 44. Qd3 Qd6 45. Be2 Re7 46. Qh3 Kf8 47. Rh8 Qf4 48. Qh6+ Ke8 49. Rxg8+ Kd7 50. Qxf6 Qc7 51. Bxa6 Qd6 52. Bb5+ Kc7 53. Rc8+ 1-0

[Event "Dhaka Borsho op"]
[Site "Dhaka"]
[Date "2021.01.15"]
[Round "8"]
[White "Masum, Hossain"]
[Black "Nayem, Haque"]
[Result "1-0"]
[WhiteElo "2060"]
[BlackElo "2031"]
[PlyCount "139"]
[EventDate "2021.01.09"]
[EventType "swiss"]
[EventRounds "9"]
[EventCountry "BAN"]
[SourceTitle "CBM 200 Extra"]
[Source "ChessBase"]
[SourceDate "2021.03.31"]
[SourceVersion "1"]
[SourceVersionDate "2021.03.31"]
[SourceQuality "1"]

1. c4 e5 2. Nc3 Nf6 3. g3 d5 4. cxd5 Nxd5 5. Bg2 Ne7 6. d3 Nbc6 7. Nf3 g6 8. 0-0 Bg7 9. Be3 0-0 10. Rc1 h6 11. Ne4 Kh7 12. Nc5 b6 13. Nb3 Bb7 14. Rc4 Nd5 15. Bd2 Nce7 16. e4 Nf6 17. Nxe5 Ba6 18. Rd4 Qe8 19. f4 c5 20. Rd6 Nc8 21. Rxf6 Bxf6 22. Ng4 Bg7 23. e5 Ne7 24. Be4 Nf5 25. Bc3 Rd8 26. Qf3 Qd7 27. h4 Bxd3 28. Nd2 h5 29. Ne3 b5 30. Nxf5 Bxe4 31. Nxe4 Qxf5 32. Nxc5 Qg4 33. Qxg4 hxg4 34. Ne4 Rd3 35. Kg2 Rb8 36. a3 Rbd8 37. Nf2 Rf3 38. Nxg4 Rxf1 39. Kxf1 Rd1+ 40. Ke2 Rg1 41. Kf3 Rb1 42. Ne3 Kg8 43. g4 Rh1 44. h5 gxh5 45. g5 Rh3+ 46. Kf2 Bf8 47. Bd4 Rh2+ 48. Kf3 Rd2 49. Bc3 Rd8 50. f5 h4 51. Ke4 h3 52. Ng4 Rc8 53. Nh2 Bxa3 54. f6 Bc5 55. e6 Bd6 56. Be5 Bxe5 57. Kxe5 fxe6 58. g6 Rc2 59. Ng4 Re2+ 60. Kd6 Rg2 61. Ke7 Rxg4 62. f7+ Kg7 63. f8Q+ Kxg6 64. Kxe6 Re4+ 65. Kd5 Rh4 66. Ke5 Rh5+ 67. Ke6 Rh7 68. Qf6+ Kh5 69. Qf5+ Kh6 70. Qf6+ 1-0

[Event "Dhaka Borsho op"]
[Site "Dhaka"]
[Date "2021.01.13"]
[Round "6"]
[White "Ahmed, Walijah"]
[Black "Masum, Hossain"]
[Result "1-0"]
[WhiteElo "1755"]
[BlackElo "2060"]
[PlyCount "65"]
[EventDate "2021.01.09"]
[EventType "swiss"]
[EventRounds "9"]
[EventCountry "BAN"]
[SourceTitle "CBM 200 Extra"]
[Source "ChessBase"]
[SourceDate "2021.03.31"]
[SourceVersion "1"]
[SourceVersionDate "2021.03.31"]
[SourceQuality "1"]

1. e4 e6 2. d4 d5 3. Nc3 dxe4 4. Nxe4 Nd7 5. Nf3 Ngf6 6. Nxf6+ Nxf6 7. Bd3 Be7 8. 0-0 0-0 9. c3 b6 10. h3 Bb7 11. Re1 c5 12. dxc5 bxc5 13. Qe2 Qb6 14. a4 a5 15. Bb5 Rfd8 16. Bg5 Rd5 17. Rad1 Rad8 18. Bf4 Rf5 19. Bg3 Bxf3 20. gxf3 Qb7 21. Rxd8+ Bxd8 22. Rd1 Bc7 23. Ba6 Qb6 24. Qb5 Rd5 25. Rxd5 Qxb5 26. axb5 Nxd5 27. Bxc7 Nxc7 28. c4 a4 29. Bb7 Ne8 30. b6 Nd6 31. Bc6 Kf8 32. b7 Nxb7 33. Bxb7 1-0

[Event "Dhaka Borsho op"]
[Site "Dhaka"]
[Date "2021.01.12"]
[Round "5"]
[White "Mehdi, Hasan Parag"]
[Black "Masum, Hossain"]
[Result "1-0"]
[WhiteElo "2180"]
[BlackElo "2060"]
[PlyCount "55"]
[EventDate "2021.01.09"]
[EventType "swiss"]
[EventRounds "9"]
[EventCountry "BAN"]
[SourceTitle "CBM 200 Extra"]
[Source "ChessBase"]
[SourceDate "2021.03.31"]
[SourceVersion "1"]
[SourceVersionDate "2021.03.31"]
[SourceQuality "1"]

1. e4 c5 2. Nf3 e6 3. d4 cxd4 4. Nxd4 Nf6 5. Nc3 d6 6. h3 a6 7. g4 Be7 8. g5 Nfd7 9. h4 b5 10. a3 Bb7 11. Be3 Nc5 12. f3 Nbd7 13. Qd2 Na4 14. Nxa4 bxa4 15. 0-0-0 Qc7 16. h5 d5 17. Rg1 g6 18. exd5 Bxd5 19. f4 Rb8 20. c3 Nc5 21. Bd3 Nxd3+ 22. Qxd3 Qb7 23. Rd2 Bxa3 24. bxa3 Be4 25. Nb5 axb5 26. Qd4 0-0 27. Qf6 gxh5 28. Bd4 1-0

[Event "Dhaka Borsho op"]
[Site "Dhaka"]
[Date "2021.01.09"]
[Round "1"]
[White "Wadifa, Ahmed"]
[Black "Masum, Hossain"]
[Result "0-1"]
[WhiteElo "1563"]
[BlackElo "2060"]
[PlyCount "102"]
[EventDate "2021.01.09"]
[EventType "swiss"]
[EventRounds "9"]
[EventCountry "BAN"]
[SourceTitle "CBM 200 Extra"]
[Source "ChessBase"]
[SourceDate "2021.03.31"]
[SourceVersion "1"]
[SourceVersionDate "2021.03.31"]
[SourceQuality "1"]

1. e4 c5 2. Nf3 e6 3. d4 cxd4 4. Nxd4 Nf6 5. Nc3 d6 6. Be2 a6 7. 0-0 Nbd7 8. f4 b5 9. Bf3 Bb7 10. Kh1 b4 11. e5 Bxf3 12. Qxf3 bxc3 13. exf6 gxf6 14. f5 e5 15. Ne6 fxe6 16. fxe6 Ke7 17. exd7 Kxd7 18. bxc3 Be7 19. Rb1 Rb8 20. Be3 Qc7 21. Qg4+ Kd8 22. Rb4 Rxb4 23. Qxb4 d5 24. Qb3 Qc4 25. Qb8+ Kd7 26. Qb7+ Ke6 27. Rb1 Rd8 28. Qb2 Bd6 29. Qc1 Qxc3 30. Rb3 Qc4 31. Qd1 Rb8 32. Rxb8 Bxb8 33. Qh5 Qf1+ 34. Bg1 Bd6 35. h3 e4 36. Qg4+ Qf5 37. Qg8+ Kd7 38. Qa8 Qe5 39. Qxa6 f5 40. Qb7+ Bc7 41. Qb5+ Ke7 42. Bc5+ Kd8 43. Bg1 e3 44. Qe2 d4 45. a3 h5 46. a4 h4 47. a5 Qxa5 48. Qh5 Qe5 49. Qxh4+ Kc8 50. Qe1 e2 51. h4 Qg3 0-1